[Event "Schweinfurt op 29th"]
[Site "Schweinfurt"]
[Date "2019.06.20"]
[Round "1"]
[White "Loew, Leonid"]
[Black "Heiduk, Christoph"]
[Result "1/2-1/2"]
[WhiteElo "1360"]
[BlackElo "1875"]
[PlyCount "62"]
[EventDate "2019.06.20"]
[EventType "swiss"]
[EventRounds "7"]
[EventCountry "GER"]
[SourceTitle "CBM 191 Extra"]
[Source "ChessBase"]
[SourceDate "2019.09.30"]
[SourceVersion "1"]
[SourceVersionDate "2019.09.30"]
[SourceQuality "1"]

1. e4 c5 2. Nf3 Nc6 3. c3 d5 4. exd5 Qxd5 5. d4 Bg4 6. Be2 cxd4 7. cxd4 e6 8. 0-0 Nf6 9. Nc3 Qa5 10. Be3 Be7 11. Qb3 Qc7 12. Rfd1 0-0 13. d5 Na5 14. Qa4 exd5 15. Nxd5 Nxd5 16. Rxd5 Bxf3 17. Bxf3 Nc6 18. Rc1 a6 19. Be4 Rac8 20. Qc2 g6 21. Bh6 Rfe8 22. Qc3 Bf8 23. Bxf8 Rxf8 24. Rc5 Qb6 25. h4 Na7 26. Qe5 Nc6 27. Qf6 Qb4 28. h5 Qxe4 29. h6 Qd4 30. Qxd4 Nxd4 31. Rxc8 Ne2+ 1/2-1/2

[Event "Landesliga U20 Nord 1718"]
[Site "Bayern"]
[Date "2018.03.10"]
[Round "6.3"]
[White "Sesselmann, Christoph"]
[Black "Loew, Leonid"]
[Result "1-0"]
[WhiteElo "1695"]
[BlackElo "1344"]
[PlyCount "43"]
[EventDate "2017.11.18"]
[EventType "team-tourn"]
[EventRounds "7"]
[EventCountry "GER"]
[SourceTitle "EXT 2022"]
[Source "ChessBase"]
[SourceDate "2021.10.06"]
[SourceVersion "1"]
[SourceVersionDate "2021.10.06"]
[SourceQuality "1"]
[WhiteTeam "Kulmbach U20"]
[BlackTeam "Allersberger SC U20"]
[WhiteTeamCountry "GER"]
[BlackTeamCountry "GER"]

1. e4 e5 2. d4 exd4 3. Qxd4 Nc6 4. Qe3 d6 5. Nc3 Nf6 6. Bd2 Be6 7. f4 Be7 8. f5 Bd7 9. 0-0-0 Ne5 10. h3 c5 11. Nf3 Qc7 12. Nxe5 dxe5 13. g4 0-0-0 14. g5 Ne8 15. Nd5 Qd6 16. Ba5 h6 17. Nxe7+ Qxe7 18. Bxd8 Kxd8 19. Bb5 Nd6 20. Bxd7 Kxd7 21. Qxc5 Rd8 22. Rxd6+ 1-0